| 000 | 00374nam a2200133Ia 4500 | ||
|---|---|---|---|
| 008 | 211109s9999||||xx |||||||||||||| ||und|| | ||
| 082 |
_a823 _bBUR-T |
||
| 100 | _aBurraughs, Edgar Rice, | ||
| 245 | 0 | _aTargon The Untamed | |
| 260 |
_bNATIONAL BOOKSTALL _aKottayam _c1900 |
||
| 630 | _xGeneral Stack | ||
| 650 |
_aEnglish Literature _vEnglish fiction _xLiterature |
||
| 942 | _cBOOK | ||
| 999 |
_c1941 _d1941 |
||